| 000 | 00990cam a22003254i 4500 | ||
|---|---|---|---|
| 999 |
_c3290 _d3290 |
||
| 001 | 52465066 | ||
| 003 | OCoLC | ||
| 005 | 20181108115750.0 | ||
| 008 | 020731r20021995nyu b 000 0 eng | ||
| 010 | _a2002110918 | ||
| 020 | _a0446691100 | ||
| 040 |
_aDLC _erda _cDLC _beng |
||
| 042 | _apcc | ||
| 050 | 0 | 0 |
_aBT751.2 _b.M49 2002 |
| 082 | 0 | 0 |
_a234.1 _222 _bM612G |
| 100 | 1 |
_aMeyer, Joyce, _d1943- |
|
| 245 | 1 | 0 |
_aIf not for the grace of God : _blearning to live independent of frustrations and struggles / _cby Joyce Meyer |
| 250 | _aWarner Books ed | ||
| 264 | 1 |
_aNew York : _bWarner Books, _c2002 |
|
| 300 |
_a200 pages ; _c22 cm |
||
| 336 |
_atext _btxt _2rdacontent |
||
| 337 |
_aunmediated _bn _2rdamedia |
||
| 338 |
_avolume _bnc _2rdacarrier |
||
| 500 | _a"Warner faith" | ||
| 500 | _aOriginally published: Tulsa, Okla. : Harrison House, c1995 | ||
| 504 | _aIncludes bibliographical references | ||
| 650 | 0 | _aGrace (Theology) | |
| 650 | 0 | _aChristian life | |
| 942 |
_2ddc _cBK |
||